Fußball Begriffe #2 - Statistiken

Allgemein
  • Dieses Quiz wurde 215 mal gespielt
  • Das Durchschnittsergebnis liegt bei 9 aus 10
Antwortstatistiken
Beschreibung Begriff % Korrekt
Welche Position hat meist der Spieler mit der Nummer 1? Torwart
98%
Wie nennt man es wenn ein Spieler ins eigene Tor trifft? Eigentor
97%
Wie nennt man die beiden Senkrechten Metallstangen am Tor die die Torlatte verbindet? Pfosten
94%
Wenn ein Ko-Spiel nicht in 120 Minuten entschieden werden kann geht es ins… Elfmeterschießen
93%
Wie nennt man das gewinnen von drei Wettbewerben in einer Saison? Tripple
92%
Was passiert wenn ein Foul außerhalb des 16ers getätigt wurde? Freistoß
91%
Wie nennt man einen Spieler, der direkt nach seiner Einwechslung ein Tor erzielt? Joker
89%
Wie heißt die größte Europäische Nationale Liga in der Englische Teams spielen? Premier League
86%
Wie nennt man einen Ball der vom Torwart zum Spieler und dann wieder zum Torwart gespielt wird? Rückpass
85%
Wie nennt man einen mitspielenden Torwart? Torwart Libero
64%
Keine übereinstimmenden Quizze gefunden
Verteilung der Resultate
Anzahl Personen mit jedem Resultat
Perzentil nach korrekt beantworteten Fragen
Ihre Resultats-Entwicklung
Sie haben dieses Quiz noch nicht gespielt